Identidad docente del profesorado de educación continua (Record no. 211655)

MARC details
000 -CABECERA
campo de control de longitud fija 00757nab a2200217 ab4500
005 - FECHA Y HORA DE LA ÚLTIMA TRANSACCIÓN
campo de control 20240920063736.0
008 - ELEMENTOS DE LONGITUD FIJA--INFORMACIÓN GENERAL
campo de control de longitud fija 991125c2019 mx qr p o 000 0 spa d
035 ## - NÚMERO DE CONTROL DEL SISTEMA
Número de control de sistema UPN01000226552
040 ## - FUENTE DE LA CATALOGACIÓN
Centro catalogador/agencia de origen MX-MxUPN
Lengua de catalogación spa
Centro/agencia transcriptor MX-MxUPN
Normas de descripción aacr2
049 ## - COLECCIÓN
Colección ART-E
100 ## - ASIENTO PRINCIPAL--NOMBRE PERSONAL
9 (RLIN) 53269
Nombre de persona Hamui Sutton, Liz
245 10 - MENCIÓN DE TÍTULO
Título Identidad docente del profesorado de educación continua
Medio [recurso electrónico en línea]
506 0# - NOTA DE RESTRICCIONES AL ACCESO
Limitaciones de acceso Acceso abierto
650 #4 - ASIENTO SECUNDARIO DE MATERIA - TERMINO TEMATICO
Término de materia o nombre geográfico como elemento de entrada Educación permanente
9 (RLIN) 7280
653 ## - TERMINO DE INDIZACION - NO CONTROLADO
Término no controlado Identidad docente
773 ## - ENLACE AL DOCUMENTO FUENTE/ENTRADA DE REGISTRO ANFITRIÓN
Parte(s) relacionada(s) Vol. 53, no. 210 (2024), p. 151-154
Título Revista de la educación superior
Número Internacional Normalizado para Publicaciones Seriadas 2395-9037
856 4# - LOCALIZACIÓN Y ACCESO ELECTRÓNICOS
Identificador Uniforme del Recurso <a href="http://resu.anuies.mx/ojs/index.php/resu/article/view/2856">http://resu.anuies.mx/ojs/index.php/resu/article/view/2856</a>
902 ## - ELEMENTOS DE DATOS B LOCAL, LDB (RLIN)
Creó Leonor Sotres/260824
905 ## - TIPO DE MATERIAL
Tipo de material Articulo
942 ## - ELEMENTOS DE PUNTO DE ACCESO ADICIONAL (KOHA)
Tipo de ítem Koha Artículo Electrónico
Holdings
Estado de retiro Estado de pérdida Estado dañado No para préstamo Código de colección Localización permanente Ubicación/localización actual Ubicación en estantería Fecha de adquisición Total de préstamos Fecha visto por última vez Identificador Uniforme del Recurso Precio válido a partir de Tipo de ítem Koha
        Acceso abierto Bib. Gregorio Torres Quintero Bib. Gregorio Torres Quintero En línea 27/08/2024   27/08/2024 http://resu.anuies.mx/ojs/index.php/resu/article/view/2855 27/08/2024 Artículo Electrónico